000 00372 a2200157 4500
001 54474
020 _a
040 _cAnchieta - Pituba
100 _aCUNHA, Iane Dias
240 1 0 _a2ª Avaliação de História, III unidade
_lpor
245 1 0 _a2ª Avaliação de História, III unidade
300 _a6
362 0 _a2016
650 4 _aHistória do mundo
942 _cBK
999 _c54474
_d54474